Томская школа физики твердого тела; Физики о физике и физиках

Bibliographische Detailangaben
Parent link:Физики о физике и физиках.— 1998.— С. 74-80
1. Verfasser: Панин В. Е. Виктор Евгеньевич
Sprache:Russisch
Veröffentlicht: 1998
Schlagworte:
Format: Buchkapitel
KOHA link:https://koha.lib.tpu.ru/cgi-bin/koha/opac-detail.pl?biblionumber=207188

MARC

LEADER 00000naa2a2200000 4500
001 207188
005 20231031190916.0
035 |a (RuTPU)RU\TPU\book\225968 
035 |a RU\TPU\book\201893 
090 |a 207188 
100 |a 20120123d1998 k y0rusy50 ca 
101 0 |a rus 
102 |a RU 
200 1 |a Томская школа физики твердого тела   |f В. Е. Панин 
463 1 |0 (RuTPU)RU\TPU\book\9388  |y 5-89503-024-6  |t Физики о физике и физиках  |o сб. статей  |f Томский государственный университет, Физический факультет ; под ред. И. Н. Анохиной  |v С. 74-80  |d 1998  |p 220 с.  |s Томский университет в лицах 
610 1 |a труды учёных ТПУ 
700 1 |a Панин  |b В. Е.  |c специалист в области физики и механики деформируемого твердого тела, физического материаловедения  |c доктор физико-математических наук, профессор Томского политехнического университета  |c зав. кафедрой материаловедения в машиностроении  |c директор Российского материаловедческого центра  |c научный руководитель института физики прочности и материаловедения СО РАН  |f 1930-  |g Виктор Евгеньевич  |2 stltpush  |3 (RuTPU)RU\TPU\pers\12102 
801 1 |a RU  |b 63413507  |c 20101024 
801 2 |a RU  |b 63413507  |c 20120123  |g RCR 
942 |c BK